Países que são ilhas - Statistics

Estatísticas Gerais
  • Esse quiz foi jogado 441 vezes
  • A pontuação média é 36 de 47
Estatísticas das Respostas
Continente País % Correto
África Madagascar
90%
Europa Islandia
89%
Europa Malta
89%
Oceania Nova Zelândia
88%
África Cabo Verde
87%
Ásia Indonésia
87%
Ásia Japão
87%
Europa Reino unido
86%
Europa Irlanda
85%
Américas Cuba
84%
Oceania Fiji
82%
África São Tomé e Príncipe
82%
África Seicheles
82%
Ásia Filipinas
81%
Oceania Ilhas Marshall
80%
Américas Jamaica
79%
Ásia Maldivas
79%
Américas Haiti
78%
Oceania Ilhas Salomão
78%
Ásia Sri Lanka
78%
Oceania Tuvalu
78%
Américas Bahamas
77%
Ásia Taiwan
77%
Américas Trinidad e Tobago
77%
Oceania Vanuatu
77%
Oceania Estados Federados da Micronésia
76%
África Ilhas Maurícias
76%
Américas Barbados
75%
Ásia Chipre
75%
África Comores
75%
Oceania Papua-Nova Guiné
75%
Américas República Dominicana
75%
Oceania Samoa
75%
Américas São Vicente e Granadinas
75%
Américas Antígua e Barbuda
74%
Oceania Nauru
74%
Américas Santa Lúcia
74%
Américas Granada
73%
Oceania Palau
72%
Américas São Cristóvão e Neves
72%
Oceania Tonga
72%
Américas Dominica
69%
Oceania Kiribati
68%
Ásia Timor-Leste
66%
Ásia Singapura
64%
Ásia Brunei
60%
Ásia Bahrein
46%
Nenhum quiz correspondente encontrado
Distribuição das Pontuações
Porcentagem de Pessoas com Cada Pontuação
Percentil de Números Respondidos
Sua Pontuação Histórica
Você não jogou esse quiz